| 000 | 00467nam a2200169 4500 | ||
|---|---|---|---|
| 001 | 111722 | ||
| 003 | ES-MaACL | ||
| 005 | 20230906185341.0 | ||
| 007 | t| | ||
| 008 | 061121s1925 ag r ||||1| spa d | ||
| 080 | _a1689-F-9 | ||
| 100 | 1 |
_aOrgaz, Alfredo. _987242 |
|
| 245 | 1 | 1 |
_a"Lo desconocido` en las ideas y en las instituciones / _cAlfredo Orgaz. |
| 260 |
_aCórdoba : _bA. Biffignande, _c1925. |
||
| 300 |
_a42 p. ; _c23 cm. |
||
| 852 |
_aES-MaACL _j1689-F-9 |
||
| 999 |
_c111722 _d111722 |
||